[Event "Bologna"]
[Site "Bologna"]
[Date "2009.04.??"]
[Round "2"]
[White "Gilevich, Artem"]
[Black "Danut, Radu"]
[Result "1-0"]
[WhiteElo "2134"]
[BlackElo "2152"]
[PlyCount "117"]
[EventDate "2009.04.??"]
[EventType "tourn"]
[EventRounds "9"]
[EventCountry "ITA"]
[EventCategory "2"]
[SourceTitle "EXT 2010"]
[Source "ChessBase"]
[SourceDate "2010.11.25"]
[SourceVersion "1"]
[SourceVersionDate "2010.11.25"]
[SourceQuality "1"]

1. b3 c5 2. Bb2 e6 3. g3 Nf6 4. Bg2 Be7 5. e4 d6 6. f4 Qc7 7. e5 dxe5 8. fxe5 Nfd7 9. Qg4 g6 10. Nf3 Nc6 11. 0-0 b6 12. Na3 Ba6 13. c4 Rc8 14. Rae1 Nb4 15. Re3 h6 16. Qf4 g5 17. Qe4 Bb7 18. Qb1 a6 19. Ne1 Bxg2 20. Nxg2 Nc6 21. Qe4 Nd4 22. Nc2 Nf5 23. Ref3 Qc6 24. Qxc6 Rxc6 25. g4 Nd4 26. Nxd4 cxd4 27. Bxd4 0-0 28. Ne3 Bd8 29. Ba1 b5 30. d4 bxc4 31. bxc4 Bb6 32. Kg2 Rc7 33. Bb2 Rb8 34. Bc3 Nf8 35. c5 Ng6 36. Nc4 Nh4+ 37. Kg3 Nxf3 38. Rxf3 Ba7 39. Ba5 Rc6 40. Nd6 Bxc5 41. dxc5 Rxc5 42. Bc3 Rb1 43. Nxf7 Rc1 44. Bd2 R1c2 45. Nxh6+ Kg7 46. Bxg5 R5c3 47. Be3 Re2 48. Rf7+ Kh8 49. Kh4 Rxh2+ 50. Kg5 Rxe3 51. Kg6 Rxh6+ 52. Kxh6 Kg8 53. Ra7 Re4 54. g5 Kf8 55. g6 Rh4+ 56. Kg5 Rh1 57. Kf6 Ke8 58. Kxe6 Kd8 59. g7 1-0

[Event "Bologna"]
[Site "Bologna"]
[Date "2009.04.??"]
[Round "4"]
[White "Vuelban, Virgilio"]
[Black "Danut, Radu"]
[Result "1/2-1/2"]
[WhiteElo "2422"]
[BlackElo "2152"]
[PlyCount "125"]
[EventDate "2009.04.??"]
[EventType "tourn"]
[EventRounds "9"]
[EventCountry "ITA"]
[EventCategory "2"]
[SourceTitle "EXT 2010"]
[Source "ChessBase"]
[SourceDate "2010.11.25"]
[SourceVersion "1"]
[SourceVersionDate "2010.11.25"]
[SourceQuality "1"]

1. e4 c5 2. Nf3 Nc6 3. d4 cxd4 4. Nxd4 Nf6 5. Nc3 e5 6. Ndb5 d6 7. Bg5 a6 8. Na3 b5 9. Bxf6 gxf6 10. Nd5 f5 11. c3 Bg7 12. exf5 Bxf5 13. Nc2 0-0 14. Nce3 Be6 15. Bd3 f5 16. Qh5 e4 17. Bc2 Ne7 18. Nxe7+ Qxe7 19. g4 b4 20. gxf5 Bf7 21. Qg4 Kh8 22. Qxe4 Qxe4 23. Bxe4 Rae8 24. Bc6 bxc3 25. b3 Re5 26. 0-0-0 Rd8 27. Bd5 Bh5 28. Rd3 Bh6 29. Kc2 Be2 30. Rxc3 Bxe3 31. Rxe3 Rxd5 32. Rxe2 Rc8+ 33. Kb2 Rxf5 34. Rd1 d5 35. Rd4 Kg7 36. Red2 Rd8 37. b4 Kf6 38. a4 Ke5 39. Kb3 Rf3+ 40. R4d3 Rdf8 41. Re2+ Kd6 42. Rde3 Rxe3+ 43. fxe3 Ke5 44. b5 axb5 45. axb5 Kd6 46. Kb4 Re8 47. Ka5 d4 48. e4 d3 49. Rb2 Kc5 50. Ka6 Rxe4 51. b6 Re2 52. Rb1 Ra2+ 53. Kb7 Rxh2 54. Kc7 Rg2 55. b7 Rg7+ 56. Kc8 Rg8+ 57. Kc7 Kc4 58. Rb6 Rg7+ 59. Kc8 Rxb7 60. Rxb7 h5 61. Rc7+ Kd4 62. Rd7+ Ke3 63. Re7+ 1/2-1/2

[Event "Bucharest Revolution Memorial"]
[Site "Bucharest"]
[Date "2003.12.??"]
[Round "?"]
[White "Danut, Radu"]
[Black "Nita, Silviu"]
[Result "0-1"]
[WhiteElo "1877"]
[BlackElo "2136"]
[PlyCount "50"]
[EventDate "2003.12.??"]
[EventType "swiss"]
[EventRounds "7"]
[EventCountry "ROU"]
[SourceTitle "EXT 2008"]
[Source "ChessBase"]
[SourceDate "2007.11.25"]
[SourceVersion "1"]
[SourceVersionDate "2007.11.25"]
[SourceQuality "1"]

1. e4 c5 2. Nf3 e6 3. c3 d5 4. e5 Nc6 5. d4 cxd4 6. cxd4 Nge7 7. Bd3 Nb4 8. Qa4+ Nec6 9. Bb5 a6 10. Bxc6+ Nxc6 11. Nc3 Bd7 12. Qd1 Be7 13. 0-0 0-0 14. Be3 f6 15. Qd2 fxe5 16. Nxe5 Nxe5 17. dxe5 Be8 18. Qd4 Rc8 19. Qg4 Rf5 20. Rad1 Bh5 21. Qh3 Bxd1 22. Rxd1 Qd7 23. f4 Bc5 24. g4 Rxf4 25. g5 Bxe3+ 0-1